|
|
|
|
| LEADER |
00664nam a2200181Ia 4500 |
| 001 |
159908 |
| 008 |
170722s9999 xx 000 0 und d |
| 020 |
|
|
|a 9780195690484
|
| 100 |
|
|
|a Bhattacharyya-panda, Nandini
|
| 245 |
|
|
|a Appropration and invention of tradition
|b East India company and hindu law in early colonial Bengal /
|
| 260 |
|
|
|a New Delhi :
|b Oxford University Press ,
|c 2008.
|
| 300 |
|
|
|a xi+273
|
| 653 |
|
|
|a East India Company
|
| 653 |
|
|
|a History
|
| 923 |
|
|
|d 20081230
|n 253
|
| 942 |
|
|
|c GEN
|
| 999 |
|
|
|c 139707
|d 139707
|
| 952 |
|
|
|0 0
|1 0
|4 0
|6 V_2751_M0AZQ_P8
|7 0
|9 197350
|a LIB
|b LIB
|d 2013-03-25
|e D C Books
|o V275:1.M0aZ(Q) P8
|p 271881
|r 2017-08-12
|v 645.00
|w 2017-08-12
|y GEN
|